000 00363nam a2200133Ia 4500
008 151001s9999||||xx |||||||||||||| ||und||
100 _aWesley brown
245 _aimagining America
250 _a1
260 _bubs publishing
260 _c1995
300 _a184
365 _b21
999 _c974916
_d974913